| 000 | 00870nam a22002417a 4500 | ||
|---|---|---|---|
| 005 | 20080708152641.0 | ||
| 008 | 080708t xxu||||| |||| 00| 0 eng d | ||
| 010 | _aENG-90497 | ||
| 020 |
_a8189901639 _c750.00 |
||
| 035 | _aEN-74030 | ||
| 037 | _bDBAD / PUB | ||
| 040 |
_aDPL _bEN |
||
| 082 | _a327.10954 | ||
| 245 |
_aIndia's foreign policy : _bcontinuity and change |
||
| 260 |
_aDelhi _bAcademic Excellence _c2008 |
||
| 260 |
_aDelhi _bWorld Focus _c2008 |
||
| 270 |
_a42, Ekta Apartments, Geeta Colony, _bDelhi _e110031 |
||
| 300 |
_avi, 309p. _c22 cm (Hb) |
||
| 490 | _aWorld focus series; 2 | ||
| 500 | _aIncludes index | ||
| 942 |
_2ddc _cEN _h327.10954 _mIND |
||
| 999 |
_c14304 _d14304 |
||